Dane a poplatky v doprave a zasielateľstve : návody na cvičenia /

Hlavní autor: Poliaková, Adela
Korporativní autor: Žilinská univerzita. Katedra cestnej a mestskej dopravy
Jazyk: Slovenština
Vydáno: V Žiline : EDIS - vydavateľstvo ŽU, 2010
Vydání: 1. vyd.
Témata:
Fyzický popis: 12 sv. : il. ; 30 cm
Knihy
Uloženo v:
LEADER 02533nam a2200529 aa4500
001 001154126
003 CZ BrMZK
005 20110628090035.0
007 ta
008 110616s2010 xo a e p 000 0 slo
020 |a 978-80-554-0234-5  |q (brož.) 
040 |a BOA001  |b cze 
043 |a e-xr--- 
072 7 |a 336.1/.5  |x Veřejné finance  |2 Konspekt  |9 4 
072 7 |a 37.016  |x Učební osnovy. Vyučovací předměty. Učebnice  |2 Konspekt  |9 22 
080 |a 336.22  |2 MRF 
080 |a 336.23  |2 MRF 
080 |a 656  |2 MRF 
080 |a 629.33  |2 MRF 
080 |a 656.96  |2 MRF 
080 |a 656.03  |2 MRF 
080 |a (075.8)  |2 MRF 
080 |a (076.5)  |2 MRF 
100 1 |a Poliaková, Adela 
245 1 0 |a Dane a poplatky v doprave a zasielateľstve :  |b návody na cvičenia /  |c Adela Poliaková 
250 |a 1. vyd. 
260 |a V Žiline :  |b EDIS - vydavateľstvo ŽU,  |c 2010 
300 |a 12 sv. :  |b il. ;  |c 30 cm 
500 |a Nad názvem: Žilinská univerzita v Žiline, Fakulta prevádzky a ekonomiky dopravy a spojov, katedra cestnej a mestskej dopravy 
500 |a Název z obálky 
500 |a V papírovém přebalu 
500 |a 100 výt. 
504 |a Obsahuje bibliografie 
505 0 0 |g 1. cvičenie.  |t Základné daňové pojmy a teórie.  |g 10 s. --  |g 2. cvičenie.  |t Daň z príjmov fyzických osôb.  |g 69 s. --  |g 3. cvičenie.  |t Daň z príjmov právnických osôb.  |g 22 s. --  |g 4. cvičenie.  |t Daň z nehnuteľností.  |g 39 s. --  |g 5. cvičenie.  |t Daň z motorových vozidiel I.  |g 29 s. --  |g 6. cvičenie.  |t Daň z motorových vozidiel II.  |g 69 s. --  |g 7. cvičenie.  |t Daň z pridanej hodnoty I.  |g 20 s. --  |g 8. cvičenie.  |t Daň z pridanej hodnoty II.  |g 40 s. --  |g 9. cvičenie.  |t Daň z pridanej hodnoty III.  |g 5 s. --  |g 10. cvičenie.  |t Diaľničné a cestné poplatky.  |g 45 s. --  |g 11 cvičenie.  |t Správne poplatky.  |g 11 s. --  |g 12. cvičenie.  |t Ďalšie poplatky.  |g 11 s. 
650 0 7 |a daně  |7 ph114293  |2 czenas 
650 0 7 |a poplatky  |7 ph124339  |2 czenas 
650 0 7 |a doprava  |7 ph114347  |2 czenas 
650 0 7 |a motorová vozidla  |7 ph115361  |2 czenas 
650 0 7 |a zasilatelství  |7 ph127541  |2 czenas 
650 0 7 |a dopravní tarify  |7 ph119577  |2 czenas 
655 7 |a učebnice vysokých škol  |7 fd133772  |2 czenas 
655 7 |a praktická cvičení  |7 fd133118  |2 czenas 
710 2 |a Žilinská univerzita.  |b Katedra cestnej a mestskej dopravy  |7 mzk2011646134 
910 2 |a BOA001  |b 4-1267.742 
990 |a BK 
991 |b 201106  |c NOV  |e n 
996 7 |b 2610482559  |c 4-1267.742  |l MZK  |r Sklad / do 1 hodiny  |n 6  |p vým.  |w 001187326  |u 000010  |a 1  |e BOA001  |j MZK50  |s A